Molecular epidemiology : ribotyping and macrorestriction DNA analysis of strains of burkholderia pseudomallei from various regions of Malaysia /
Saved in:
| 主要作者: | |
|---|---|
| 格式: | Thesis 圖書 |
| 語言: | English |
| 出版: |
1997.
|
| 主題: | |
| 標簽: |
添加標簽
沒有標簽, 成為第一個標記此記錄!
|
| LEADER | 00891cam a2200241 a 4500 | ||
|---|---|---|---|
| 001 | u410542 | ||
| 003 | SIRSI | ||
| 008 | 920629s1997 my t 00 1 eng | ||
| 035 | |a ACC-9886 | ||
| 040 | |a UMP | ||
| 096 | |a QU58.5 |b Kwo 1997 | ||
| 100 | 1 | 0 | |a Kwok, Adeline Swan Imm |
| 245 | 1 | 0 | |a Molecular epidemiology : |b ribotyping and macrorestriction DNA analysis of strains of burkholderia pseudomallei from various regions of Malaysia / |c Adeline Kwok Swan Imm. |
| 260 | |c 1997. | ||
| 300 | |a vi, 97 leaves : |b ill. ; |c 30 cm. | ||
| 500 | |a Mimeographed. | ||
| 502 | |a Dissertation (B. Biomed. Sc.) -- Department of Allied Health Sciences, University of Malaya, 1997. | ||
| 504 | |a Bibliography: leaves 86-94. | ||
| 650 | 2 | |a DNA |x analysis. | |
| 650 | 2 | |a Epidemiology. | |
| 948 | |a 22/04/1997 |b 10/05/2002 | ||
| 596 | |a 2 | ||
| 999 | |a QU58.5 KWO 1997 |w NLM |c 1 |i A500890988 |l STACKS |m P02MEDKL |r Y |s Y |t TESIS |u 10/5/1999 | ||
